MARC

LEADER 00000nam0a2200000 4500
001 373126
005 20250416132025.0
035 |a (RuTPU)RU\TPU\retro\30552 
035 |a RU\TPU\book\305268 
090 |a 373126 
100 |a 20221215d1963 k y0rusy50 ca 
101 0 |a rus 
102 |a RU 
105 |a a z 001zy 
200 1 |a Карст европейской части СССР, Урала и Кавказа  |f Н. В. Родионов  |g Всесоюзный научно-исследовательский институт гидрогеологии и инженерной геологии (ВСЕГИНГЕО) 
210 |a Москва  |c Госгеолтехиздат  |d 1963 
215 |a 175 с.  |c ил. 
225 1 |a Труды Всесоюзного научно-исследовательского института гидрогеологии и инженерной геологии (ВСЕГИНГЕО) 
225 1 |a Новая серия  |v № 13 
320 |a Библиогр.: с. 163-174. 
500 1 0 |a Труды Всесоюзного научно-исследовательского института гидрогеологии и инженерной геологии  |9 88877 
606 1 |a Карстовые явления  |2 stltpush  |3 (RuTPU)RU\TPU\subj\39362  |9 59476 
610 1 |a карст 
610 1 |a карстоведение 
610 1 |a карстовые процессы 
610 1 |a СССР 
610 1 |a Европейская часть 
610 1 |a Урал 
610 1 |a Кавказ 
610 1 |a соляные купола 
610 1 |a карстовые процессы 
675 |a 551.44  |v 3 
700 1 |a Родионов  |b Н. В.  |g Николай Васильевич 
712 0 2 |a Всесоюзный научно-исследовательский институт гидрогеологии и инженерной геологии (ВСЕГИНГЕО)  |c (пос. Зеленый, Московская область)  |3 (RuTPU)RU\TPU\col\2061 
801 1 |a RU  |b 63413507  |c 20150123 
801 2 |a RU  |b 63413507  |c 20221215  |g RCR 
850 |a 63413507 
942 |c BK